000 01104nam a2200337Ia 4500
001 dia_5346
003 CHAP
005 20251023173205.0
008 220117s2004 xx 000 0 und d
010 _a176284
020 _a970-651-840-1
040 _cCHAP
082 _a600.972 C67 2004
100 _aCorona Treviño, Leonel
_928129
245 _aLa tecnología : siglos XVI al XX /
_c Leonel Corona Treviño
260 _aMéxico :
_b Océano de México :,
_b UNAM,
_c2004
300 _a259 p.
440 _aHistoria económica de México / coordinación Enrique Semo ; 12
_9158371
503 _aC.
504 _aBibliografía : p 239-259
590 _aT24.M6 C67 2004
650 _aAdopción de innovaciones
_xMéxico
_9158372
650 _aInnovation adoption
_xMexico
_9158373
650 _aTechnology
_xHistory
_xMexico
_9158374
650 _aTecnología
_xHistoria
_xMéxico
_9158375
700 _aSemo, Enrique, coord.
_9158370
901 _a600.972 C67 2004
902 _aM
905 _a5232272004 mx a 8222123322spa16
942 _cLIBRO
_2ddc
999 _c176284
_d176284